Statistics for Independence Movements around the world

Click here to take the quiz!

General Stats

  • This quiz has been taken 35 times
  • The average score is 58 of 253

Answer Stats

Answer% Correct
Scotland
90%
Catalonia
87%
Northern Ireland
87%
Wales
87%
South Island
80%
Abkhazia
73%
Faroe
73%
Texas
73%
Tibet
73%
Alaska
70%
California
70%
Crimea
70%
Hawaii
70%
Bavaria
67%
Galicia
67%
Greenland
67%
Kurdistan
67%
Palestine
67%
Sardinia
67%
Brittany
63%
Cornwall
63%
Corsica
63%
Luhansk
63%
Northern Cyprus
63%
Ossetia
63%
Puerto Rico
63%
Quebec
63%
Donetsk
60%
Sicily
60%
Cook Islands
57%
Transnistria
57%
Western Sahara
57%
Flanders
53%
Florida
53%
Somaliland
53%
Xinjiang
53%
US Virgin Islands
50%
Artsakh
47%
Aruba
47%
Curacao
47%
Hong Kong
47%
Inner Mongolia
47%
Punjab
47%
Basque Country
43%
Bermuda
43%
Darfur
43%
Falkland Islands
43%
French Polynesia
43%
Guam
43%
Macau
43%
Tasmania
43%
Andalusia
40%
Azores
40%
Bali
40%
Balochistan
40%
Chechnya
40%
Karelia
40%
Niue
40%
Northern Mariana Islands
40%
Transylvania
40%
Wallonia
40%
New Caledonia
37%
Reunion
37%
Siberia
37%
Tatarstan
37%
Western Australia
37%
Alberta
33%
Bonaire
33%
Bougainville
33%
Canary Islands
33%
England
33%
Kaliningrad
33%
Norfolk Island
33%
Normandy
33%
Sakha
33%
South Yemen
33%
Tigray
33%
Cape
30%
Mayotte
30%
New England
30%
Okinawa
30%
Tuva
30%
Zanzibar
30%
Aceh
27%
Aland Islands
27%
Ambazonia
27%
Aragon
27%
Assam
27%
Assyria
27%
Biafra
27%
Cabinda
27%
Cascadia
27%
Frisia
27%
Gibraltar
27%
Guadeloupe
27%
Karakalpakstan
27%
Lombardy
27%
North Yemen
27%
Sakhalin
27%
Sikkim
27%
Sindh
27%
Valencia
27%
Yucatan
27%
Amazonas
23%
Asturias
23%
Barbuda
23%
Katanga
23%
Ogaden
23%
Sao Paulo
23%
Sarawak
23%
Svalbard
23%
Tyrol
23%
Vojvodina
23%
Buryatia
20%
Casamance
20%
Martinique
20%
Oromia
20%
Para
20%
Saba
20%
Saskatchewan
20%
Silesia
20%
South Congo
20%
Sul
20%
Veneto
20%
Western Togoland
20%
Azawad
17%
Aztlan
17%
Bas Congo
17%
British Virgin Islands
17%
Cyrenaica
17%
French Guyana
17%
Ingria
17%
Johor
17%
Mombasa
17%
Navarre
17%
Sabah
17%
Shetland
17%
Barotseland
13%
British Indian
Ocean Territory
13%
Castille
13%
Ceuta
13%
Hazarajat
13%
Leon
13%
Melilla
13%
Oduduwa
13%
Patani
13%
Saint Martin
13%
Savoy
13%
Tamil Nadu
13%
Tobago
13%
Gagauzia
10%
Kabylia
10%
Mann
10%
South Tyrol
10%
Sulu
10%
Volkstaat
10%
Acre
7%
Chuuk
7%
Karabakh
7%
Liguria
7%
Mizoram
7%
Northern Epirus
7%
Occitanie
7%
Orkney
7%
Padania
7%
Rapa Nui
7%
Riau
7%
South Georgia
7%
Azad
3%
Bioko
3%
Caprivi
3%
Chiapas
3%
Deseret
3%
Friuli
3%
Istria
3%
Jan Mayen
3%
Lakotah
3%
Manipur
3%
Meghalaya
3%
Nagaland
3%
New Afrika
3%
New Ireland
3%
Northumberland
3%
Nubia
3%
Rif
3%
Rodrigues
3%
Sapmi
3%
Serbian Republic
3%
South Estonia
3%
Tripura
3%
Victoria
3%
Adygea
0%
Alsase
0%
Antioquia
0%
Arakan
0%
Araucania
0%
Bakassi
0%
Banaba Island
0%
Cantabria
0%
Carinthia
0%
Chiloe
0%
Chittagong
0%
Dagetsan
0%
Dar El Cuti
0%
Espiritu Santo
0%
Evenkia
0%
Guayaquil
0%
Herzeg-Bosnia
0%
Insubria
0%
Kahmir
0%
Kamtapur
0%
Karenni
0%
Khoi San
0%
Kokang
0%
Kukiland
0%
La Rioja
0%
Latgale
0%
Lezgistan
0%
Loreto
0%
Madhesh
0%
Mahra
0%
Malaita
0%
Maluku
0%
Marquesas
0%
Matabaleland
0%
Memel
0%
Mendoza
0%
Mon State
0%
Moorea
0%
Mosquito Coast
0%
Ngamiland
0%
Niger Delta
0%
Pao
0%
Rehoboth Area
0%
San Andrés y Providencia
0%
Sandwich Islands
0%
Sandzak
0%
Sidama
0%
Sint Marteen
0%
Skaneland
0%
Southern Schleswig
0%
Sur Peruana
0%
Sverdlovsk
0%
Talysh-Mughan
0%
Triqui
0%
Turkmenili
0%
Ucayali
0%
Vevis
0%
Vhavenda
0%
Zalen Gam
0%
Zo Asia
0%
Zogam
0%
Zulia
0%

Score Distribution

Percentile by Number Answered

Percent of People with Each Score

Your Score History

You have not taken this quiz